Ganadores de grand slam en la era open - Estadísticas

Estadísticas generales
  • Esta prueba ha sido intentada 96 veces
  • La puntuación promedio es 21 de 57
Estadísticas de respuestas
Hint Respuesta % Correcto
Suiza Federer 20
99%
España Nadal 22
99%
Serbia Djokovic 21
96%
Estados Unidos Sampras 14
81%
España Alcaraz 1
75%
Suecia Borg 11
74%
Estados Unidos Agassi 8
73%
Reino Unido Murray 3
71%
Argentina Del Potro 1
70%
Estados Unidos McEnroe 7
65%
Suiza Wawrinka 3
62%
Rusia Medvedev 1
60%
España Ferrero 1
57%
España Moyá 1
55%
Austria Thiem 1
55%
República Checa Lendl 8
52%
Australia Hewitt 2
48%
Alemania Becker 6
47%
Estados Unidos Connors 8
45%
Australia Laver 5
45%
Argentina Vilas 4
44%
Brasil Kuerten 3
43%
Suecia Edberg 6
40%
Estados Unidos Roddick 1
40%
Croacia Cilic 1
39%
Suecia Wilander 7
36%
Argentina Gaudio 1
35%
Rusia Safin 2
35%
Rumania Nastase 2
31%
España Bruguera 2
30%
Estados Unidos Chang 1
29%
Estados Unidos Courier 4
26%
Australia Rafter 2
25%
Rusia Kafelnikov 2
23%
Estados Unidos Ashe 3
22%
Croacia Ivanisevic 1
22%
Austria Muster 1
22%
España Costa 1
21%
Ecuador Gómez 1
21%
Francia Noah 1
18%
España Gimeno 1
16%
España Orantes 1
16%
Países Bajos Krajicek 1
13%
Australia Cash 1
12%
República Checa Korda 1
12%
Australia Newcombe 5
10%
Estados Unidos Smith 2
10%
Suecia Johansson 1
9%
Sudafrica Kriek 2
9%
Italia Panatta 1
9%
Alemania Stich 1
9%
Australia Edmondson 1
8%
Australia Rosewall 4
8%
Estados Unidos Gerulaitis 1
6%
Republica Checa Kodes 3
6%
Estados Unidos Tanner 1
6%
Estados Unidos Teacher 1
6%
No se encontraron pruebas coincidentes
Distribución de puntuación
Porcentaje de gente con cada puntuación
Porcentaje por número respondido
Historial de tus puntuaciones
No has intentado esta prueba.